Sequential machines selected papers (Record no. 34681)

MARC details
000 -LEADER
fixed length control field 00335nam a2200145Ia 4500
050 ## - CALL MARK
Classification number QA 76.5.M57/
100 ## - STATEMENT OF RESPONSIBILITY--MAIN AUTHOR NAME
Personal name Arthur W. Burks
245 ## - TITLE STATEMENT
Title Sequential machines selected papers
260 ## - PUBLICATION, DISTRIBUTION, ETC. (IMPRINT)
Place of publication Addison- wesley publishing company
260 ## - PUBLICATION, DISTRIBUTION, ETC. (IMPRINT)
Name of publisher 1964
260 ## - PUBLICATION, DISTRIBUTION, ETC. (IMPRINT)
Year of publication 266 p
650 ## - SUBJECT ADDED ENTRY--TOPICAL TERM
Topical Term BK
942 ## - ADDED ENTRY ELEMENTS (KOHA)
Koha item type Books
Source of classification Library of Congress Classification
Holdings
Withdrawn status Lost status Source of classification or shelving scheme Damaged status Not for loan Permanent Location Current Location Date acquired Full call number Accession Number Price effective from Koha item type
    Library of Congress Classification     NILE UNIVERSITY OF NIGERIA - MAIN LIBRARY NILE UNIVERSITY OF NIGERIA - MAIN LIBRARY 03/27/2026 QA 76.5 .M57 1964 0007788 03/27/2026 Books